000 00336nam a2200145Ia 4500
005 20251222175924.0
008 251222s9999||||xx |||||||||||||| ||spa||
020 _a8478889256
082 _a800/G76
100 _aGoudge, Elizabeth
245 0 _aEl Pequeño Caballo Blanco
250 _a2da.ed.
264 _bSalamandra
942 _cLIB
999 _c40783
_d40783